1552 1559 1101 1190 1305 1206 1902 1359 1646 1158 1935 1947 1363 1200 1105 1442 1723 1915 1008 1299 1602 1649 1690 1516 1262 1396 1872 1927 1798 1271 1255 1561 1716 1801 1580 1037 1606 1685 1694 1630 1875 1153 1369 1982 1205 1069 1968 1438 1105 1408 1338 1867 1132 1239 1753 1783 1896 1374 1014 1430 1608 1681 1130 1258 1356 1922 1111 1639 1340 1070 1747 1720 1788 1906 1448 1023 1837 1632 1822 1202 1556 1873 1912 1912 1389 1345 1835 1778 1158 1426 1019 1664 1152 1823 1185 1152 1148 1410 1536 BCNSPRNW ULIB Ver.6.0+V

เปลี่ยนเป็นภาษาไทย

Change to English
 แสดงรายละเอียดบรรณานุกรม
  กลับหน้าหลัก

Brief Record : Get Marc (ISO 2709) : E-mail record : QR code < ปิดหน้าต่าง
LEADER : 00000nam 2200000uu 4500
001    13399108188
003     ULIB
008    110220s2550||||th 000 0 tha d
020    9744654147(ล.1)
060 04 WY150^bว485น ล.1 2550
100 0  วารุณี มีเจริญ
245 10 แนวทางการวางแผนการพยาบาลผู้ป่วยทางอายุรกรรม^nเล่ม 1 =^bPlanning guides for medical nursing I /^cวารุณี มีเจริญ
246 31 Planning guides for medical nursing I
250    พิมพ์ครั้งที่ 3
260    สระบุรี :^bโครงการตำราวิทยาลัยพยาบาลบรมราชชนนี สระบุรีสถาบันพระบรมราชชนก สำนักงานปลัดกระทรวง กระทรวงสาธารณสุข,^c2550
300    208 หน้า ;^c27 ซม.
650  7 การพยาบาลอายุรศาสตร์
650  7 ผู้ป่วย
650  7 อายุรศาสตร์
710 2  วิทยาลัยพยาบาลบรมราชชนนี สระบุรี
710 2  กระทรวงสาธารณสุข. ^bสำนักงานปลัดกระทรวง.^bสถาบันพระบรมราชชนก
945    ^p190^l0^i021206
945    ^p190^l0^i021205
945    ^p190^l0^i021204
945    ^p190^l0^i021203
995    ทศพร
999 ^a ใช้งานได้ทุกระบบ
รายการนี้ยังไม่มีแท็ก
คุณยังไม่ได้ล็อกอิน คุณสามารถมีกิจกรรมร่วมกับเว็บไซต์ได้ แต่ต้องล็อกอินก่อน ::
  ล็อกอิน

รายการสื่อสารสนเทศ

ลำดับที่ ประเภท เลขเรียก/บาร์โค้ด สถานที่ สถานะ
- ไม่พบข้อมูล -

รายการใกล้เคียง
    ผู้แต่ง [วารุณี มีเจริญ]

    หัวเรื่อง [การพยาบาลอายุรศาสตร์]
    หัวเรื่อง [ผู้ป่วย]
    หัวเรื่อง [อายุรศาสตร์]

BibComment


ยังไม่เคยถูกคอมเมนท์

คอมเมนท์ทรัพยากรรายการนี้
  คอมเมนท์: แนวทางการวางแผนกา..


 Copyright 2026. Bcnsprnw @Library